1869 1230 1326 1607 1597 1830 1576 1494 1885 1205 1835 1334 1168 1106 1625 1811 1194 1654 1271 1652 1781 1209 1027 1975 1789 1306 1079 1254 1667 1062 1764 1785 1914 1478 1700 1052 1613 1837 1966 1552 1991 1377 1498 1318 1992 1456 1253 1715 1679 1352 1323 1859 1668 1576 1506 1387 1987 1567 1396 1649 1265 1144 1346 1686 1051 1404 1443 1311 1960 1745 1015 1963 1897 1487 1414 1682 1241 1198 1685 1613 1923 1112 1281 1477 1311 1706 1354 1329 1197 1544 1953 1291 1052 1782 1373 1475 1412 1661 1010 BCNSPRNW ULIB Ver.6.0+V

เปลี่ยนเป็นภาษาไทย

Change to English
 แสดงรายละเอียดบรรณานุกรม
  กลับหน้าหลัก

Brief Record : Get Marc (ISO 2709) : E-mail record : QR code < ปิดหน้าต่าง
LEADER : 00000nam 2200000uu 4500
001    13399110969
003     ULIB
008    110614s||||||||th 000 0 tha d
020    9789740600282
050  4 AC158^bอ543ว 2551
100 1  ยองจู, อัน
245 10 วิทยาศาสตร์ฉลาดรู้ เรื่อง ระบบขับถ่าย /^cอันยองจู, เขียน ;อมรรัตน์ ทีราพงษ์, แปล
250    พิมพ์ครั้งที่ 2
260    กรุงเทพฯ :^bอัมรินทร์คอมมิกส์,^c2551
300    199 หน้า :^bภาพประกอบ ;^c21 ซม.
440  0 ชุดวิทยาศาสตร์ฉลาดรู้ ;^vลำดับที่ 9
650  7 การ์ตูน
650  7 การขับถ่าย^xวรรณกรรมสำหรับเด็ก
650  7 วรรณกรรมเกาหลี
650  7 วรรณกรรมสำหรับเด็ก
700 0  อมรรัตน์ ทีราพงษ์,^eผู้แปล
945    ^p199^l0^i024203
945    ^p199^l0^i024193
995    ทศพร
999 ^a ใช้งานได้ทุกระบบ
รายการนี้ยังไม่มีแท็ก
คุณยังไม่ได้ล็อกอิน คุณสามารถมีกิจกรรมร่วมกับเว็บไซต์ได้ แต่ต้องล็อกอินก่อน ::
  ล็อกอิน

รายการสื่อสารสนเทศ

ลำดับที่ ประเภท เลขเรียก/บาร์โค้ด สถานที่ สถานะ
- ไม่พบข้อมูล -

รายการใกล้เคียง
    ผู้แต่ง [ยองจู, อัน]

    หัวเรื่อง [การ์ตูน]
    หัวเรื่อง [วรรณกรรมเกาหลี]
    หัวเรื่อง [วรรณกรรมสำหรับเด็ก]

BibComment


ยังไม่เคยถูกคอมเมนท์

คอมเมนท์ทรัพยากรรายการนี้
  คอมเมนท์: วิทยาศาสตร์ฉลาดรู..


 Copyright 2026. Bcnsprnw @Library